| 000 | 00696nam a22002057a 4500 | ||
|---|---|---|---|
| 005 | 20100820105324.0 | ||
| 010 | _aENG-100989 | ||
| 020 | _c60.00 | ||
| 035 | _aEN-84522 | ||
| 037 | _bDBAD/PUB | ||
| 082 | _a615.532 | ||
| 100 |
_aRaju, K. _915396 |
||
| 245 |
_aHomoeopathy needs modern reviewal why? / _cby K. Raju |
||
| 260 |
_aSalem _bAmbujam Pathippakam _c2002 |
||
| 270 |
_a60, Court Road, Manakkadu _bSalem _e636007 |
||
| 300 |
_a144p. _c22cm (pbk) |
||
| 650 |
_aMedicine _xHomoeopathy _915397 |
||
| 942 |
_2ddc _cEN _h615.532 _mRAJ |
||
| 999 |
_c42651 _d42651 |
||